Deendayal Upadhyaya: sampoorna vangmaya (Record no. 9014)
[ view plain ]
| 000 -LEADER | |
|---|---|
| fixed length control field | 00812nam a2200253Ia 4500 |
| 020 ## - INTERNATIONAL STANDARD BOOK NUMBER | |
| ISBN | 850654000500855131 |
| 082 ## - DEWEY DECIMAL CLASSIFICATION NUMBER | |
| Classification number | 954.04092 DEE |
| 245 #0 - TITLE STATEMENT | |
| Title | Deendayal Upadhyaya: sampoorna vangmaya |
| 260 ## - PUBLICATION, DISTRIBUTION, ETC. (IMPRINT) | |
| Place of publication | New Delhi |
| Name of publisher | Prabhat Prakashan |
| Year of publication | 2017 |
| 500 ## - GENERAL NOTE | |
| General note | Contents: 15 Vols. |
| 650 ## - SUBJECT ADDED ENTRY--TOPICAL TERM | |
| Topical Term | Political |
| Form subdivision | Biography |
| Geographic subdivision | Bharat |
| 650 ## - SUBJECT ADDED ENTRY--TOPICAL TERM | |
| Topical Term | Chandra gupta |
| Geographic subdivision | Ancient period |
| 650 ## - SUBJECT ADDED ENTRY--TOPICAL TERM | |
| Topical Term | Chanakya neeti |
| Geographic subdivision | Magadh |
| 650 ## - SUBJECT ADDED ENTRY--TOPICAL TERM | |
| Topical Term | Bhartiya jan sangh |
| Form subdivision | Najarbandi Kanoon |
| 650 ## - SUBJECT ADDED ENTRY--TOPICAL TERM | |
| Topical Term | Panchvarsiya yojana |
| 650 ## - SUBJECT ADDED ENTRY--TOPICAL TERM | |
| Topical Term | Banglore adhiveshan |
| Form subdivision | Political diary |
| Geographic subdivision | 1959 |
| 650 ## - SUBJECT ADDED ENTRY--TOPICAL TERM | |
| Topical Term | China aakriman |
| Geographic subdivision | 1961 |
| 650 ## - SUBJECT ADDED ENTRY--TOPICAL TERM | |
| Topical Term | Kashmir samasya |
| Geographic subdivision | 1962 |
| 650 ## - SUBJECT ADDED ENTRY--TOPICAL TERM | |
| Topical Term | Communist party |
| Geographic subdivision | 1963 |
| 650 ## - SUBJECT ADDED ENTRY--TOPICAL TERM | |
| Topical Term | Ekatam manavtavad |
| Form subdivision | Sang Shiksha |
| 650 ## - SUBJECT ADDED ENTRY--TOPICAL TERM | |
| Topical Term | Upadhyaya ki mirutu |
| Form subdivision | Janch aayog |
| 700 ## - ADDED ENTRY--PERSONAL NAME | |
| Personal name | Sharma, Mahesh Chandra |
| 942 ## - ADDED ENTRY ELEMENTS (KOHA) | |
| Koha item type | Books |
| Source of classification or shelving scheme | Dewey Decimal Classification |
| Withdrawn status | Lost status | Damaged status | Not for loan | Home library | Current library | Date acquired | Source of acquisition | Serial Enumeration / chronology | Bill Date | Full call number | Accession Number | Price effective from | Koha item type | Collection code | Public note |
|---|---|---|---|---|---|---|---|---|---|---|---|---|---|---|---|
| NASSDOC Library | NASSDOC Library | 23/10/2017 | OP | khand-1 | 2017-10-13 | 954.04092 DEE | 49459 | 18/04/2019 | Books | ||||||
| NASSDOC Library | NASSDOC Library | 23/10/2017 | OP | khand-2 | 2017-10-13 | 954.04092 DEE | 49460 | 18/04/2019 | Books | ||||||
| NASSDOC Library | NASSDOC Library | 23/10/2017 | OP | khand-3 | 2017-10-13 | 954.04092 DEE | 49461 | 18/04/2019 | Books | ||||||
| NASSDOC Library | NASSDOC Library | 23/10/2017 | OP | khand-4 | 2017-10-13 | 954.04092 DEE | 49462 | 18/04/2019 | Books | ||||||
| NASSDOC Library | NASSDOC Library | 23/10/2017 | OP | khand-5 | 2017-10-13 | 954.04092 DEE | 49463 | 18/04/2019 | Books | ||||||
| NASSDOC Library | NASSDOC Library | 23/10/2017 | OP | khand-6 | 2017-10-13 | 954.04092 DEE | 49464 | 18/04/2019 | Books | ||||||
| NASSDOC Library | NASSDOC Library | 23/10/2017 | OP | khand-7 | 2017-10-13 | 954.04092 DEE | 49465 | 18/04/2019 | Books | ||||||
| NASSDOC Library | NASSDOC Library | 23/10/2017 | OP | khand-8 | 2017-10-13 | 954.04092 DEE | 49466 | 18/04/2019 | Books | ||||||
| NASSDOC Library | NASSDOC Library | 23/10/2017 | OP | khand-9 | 2017-10-13 | 954.04092 DEE | 49467 | 18/04/2019 | Books | ||||||
| NASSDOC Library | NASSDOC Library | 23/10/2017 | OP | khand-10 | 2017-10-13 | 954.04092 DEE | 49468 | 18/04/2019 | Books | ||||||
| NASSDOC Library | NASSDOC Library | 23/10/2017 | OP | khand-11 | 2017-10-13 | 954.04092 DEE | 49469 | 18/04/2019 | Books | ||||||
| NASSDOC Library | NASSDOC Library | 23/10/2017 | OP | khand-12 | 2017-10-13 | 954.04092 DEE | 49470 | 18/04/2019 | Books | ||||||
| NASSDOC Library | NASSDOC Library | 23/10/2017 | OP | khand-13 | 2017-10-13 | 954.04092 DEE | 49471 | 18/04/2019 | Books | ||||||
| NASSDOC Library | NASSDOC Library | 23/10/2017 | OP | khand-14 | 2017-10-13 | 954.04092 DEE | 49472 | 18/04/2019 | Books | ||||||
| NASSDOC Library | NASSDOC Library | 23/10/2017 | OP | khand-15 | 2017-10-13 | 954.04092 DEE | 49473 | 18/04/2019 | Books | हिंदी पुस्तकों पर विशेष संग्रह | हिंदी पुस्तकों पर विशेष संग्रह |
